Catálogo
 En Linea

Cebollín con Trujillo : (Registro nro. 44940)

Detalles MARC
000 -CABECERA
campo de control de longitud fija 01229nam a2200205 a 4500
001 - NÚMERO DE CONTROL
campo de control 000045451
005 - FECHA Y HORA DE LA ÚLTIMA TRANSACCIÓN
campo de control 20201002052245.0
008 - DATOS DE LONGITUD FIJA--INFORMACIÓN GENERAL
campo de control de longitud fija 150326s2015 dr ac 000 0 spa d
020 ## - NÚMERO INTERNACIONAL ESTÁNDAR DEL LIBRO
Número Internacional Estándar del Libro 9789945897708
040 ## - FUENTE DE LA CATALOGACIÓN
Centro catalogador/agencia de origen DO-SdBNP
Lengua de catalogación spa
Centro/agencia transcriptor BNPHU
082 ## - NÚMERO DE LA CLASIFICACIÓN DECIMAL DEWEY
Número de clasificación xxxx
Número de documento/Ítem xxxx
100 1# - ENTRADA PRINCIPAL--NOMBRE DE PERSONA
Nombre de persona Ramírez, Carlos Manuel
9 (RLIN) 73508
245 10 - MENCIÓN DE TÍTULO
Título Cebollín con Trujillo :
Resto del título y otros cuentos escritos aquí /
Mención de responsabilidad, etc. Carlos Manuel Ramírez.
260 ## - PUBLICACIÓN, DISTRIBUCIÓN, ETC.
Lugar de publicación, distribución, etc. Santo Domingo :
Nombre del editor, distribuidor, etc. Grupo Luciano,
-- FUNDEGA,
Fecha de publicación, distribución, etc. 2015.
300 ## - DESCRIPCIÓN FÍSICA
Extensión 102 :
Otras características físicas il., retrs ;
Dimensiones 21 cm.
500 ## - NOTA GENERAL
Nota general La biblioteca posee 3 ejemplares autografiados por el autor.
500 ## - NOTA GENERAL
Nota general Incluye datos biográficos del autor en la solapa de la contracubierta.
505 0# - NOTA DE CONTENIDO CON FORMATO
Nota de contenido con formato Prólogo --
Título Cebollín con Trujillo --
-- La emboscada --
-- Preso por ver al Presidente --
-- El batey --
-- Galión --
-- Paraiso --
-- El brujo --
-- El general --
-- El dictador --
-- Blanco aunque sea un hueso --
-- El día que la radio se quedó muda --
-- Los lapices también disparán --
-- Heroes olvidados --
-- Emigrantes en guerra --
-- El fallo histórico --
-- Ese es de los malos --
-- Chapeo --
-- El presidente que no sabía leer --
-- Mi primera carcel --
710 22 - PUNTO DE ACCESO ADICIONAL--NOMBRE DE ENTIDAD CORPORATIVA
Nombre de entidad corporativa o nombre de jurisdicción como elemento de entrada La Fundación para el Desarrollo de Galván (FUNDEGA), República Dominicana
9 (RLIN) 73509
Existencias
Estado de retiro Estado de pérdida Restricciones de uso No para préstamo Código de colección Localización permanente Ubicación/localización actual Ubicación en estantería Fecha de adquisición Número de inventario Total de préstamos Signatura topográfica completa Código de barras Fecha visto por última vez Número de copia Precio válido a partir de Tipo de ítem Koha
        Dominicana de Servicio General General En catalogación 26.03.2015 LF1   xxxx xxxx 45451-30 25.06.2020 e. 3 25.06.2020 Libro y Folleto Colección Dominicana de Servicio
      Excluido de préstamo Patrimonio Dominicano Patrimonio Dominicano Patrimonio Dominicano En catalogación 26.03.2015 LF1   xxxx xxxx 45451-10 25.06.2020   25.06.2020 Libro y Folleto Colección Patrimonio Dominicano
      Excluido de préstamo Patrimonio Dominicano Patrimonio Dominicano Patrimonio Dominicano En catalogación 26.03.2015 LF1   xxxx xxxx 45451-20 25.06.2020 e. 2 25.06.2020 Libro y Folleto Colección Patrimonio Dominicano

Con tecnología Koha